000 01000cam a22002897a 4500
003 CHAP
005 20220329133807.0
008 971013s2010 r 00010 spa d
010 _a10991
011 _a11963
020 _a9786074950656
035 _a13176
040 _cCHAP
082 0 4 _a371.62097252
_bE74
245 0 0 _aEscuela normal para profesores :
_ba 100 años de la inauguración de su edificio
_c/coordinadora Elisa Estrada Hernández
260 _aEdo. de México :
_bGobierno del Estado de México,
_c2010
300 _a301 p.
590 _aBATCH-UPD
_b10
_c20130110
_lUCH01
_h2102
590 _aBATCH-UPD
_b10
_c20130410
_lUCH01
_h1414
590 _aBATCH-UPD
_b10
_c20130914
_lUCH01
_h1550
590 _aCONVERSION
_b10
_c20130109
_lUCH01
_h1307
700 1 _aEstrada Hernández, Elisa
_e; coord.
_938394
710 2 _aMéxico. Gobierno del Estado.
_977067
901 _aBK
942 _cLIBRO
949 _a371.62097252 E74
_bBC
_cLIBRO
_d33724002322504
_eLIBRO
_gDonaciØn
_h116617
_i13176
_sb
999 _c10991
_d10991